000 00585nai a2200181Ia 4500
003 IN-BaIIA
008 211028c9999 xx s 000 0 eng d
022 _a1046-283X (Print)
022 _a1573-837X (Online)
040 _cIIA Library
245 0 _aComputational Mathematics and Modeling
_h[eJournal]
260 _aNew York, USA
_bSpringer US
310 _aQuarterly
362 _a8(1); 1997 - Present
521 _bSubscribed through National Knowledge Resource Consortium (NKRC)
856 _uhttps://www.springer.com/journal/10598
_yClick Here to Access eJournal
942 _cEJ
999 _c34228
_d34228